=LDR 00000nam 2200000 4500 =001 INLIS000000000004036 =005 20250618105440 =035 ##$$a 0010-0625000241 =007 ta =008 250618###########################0#ind## =020 ##$$a - =082 ##$$a 304.66 =084 ##$$a 304.66 DEP r =245 1#$$a RAPAT KOORDINASI MENTERI-MENTERI BIDANG KESEJAHTERAAN RAKYAT : $b - /$c DEPARTEMEN KESEHATAN REPUBLIK INDONESIA =250 ##$$a cetakan pertama =260 ##$$a Jakarta :$b DEPARTEMEN KESEHATAN REPUBLIX INDONESIA,$c 1991 =300 ##$$a 20 halaman : $b - ; $c 21 cm$e - =110 #$$a DEPARTEMEN KESEHATAN REPUBLIX INDONESIA =600 #4$$a Keluarga Berencana =856 ##$$a Perpustakaan BKKBN